00772nam a2200217 a 450000100060000000300080000600500170001400800410003103500190007204000420009104100080013308200250014110000370016624500940020326000560029730000380035350400310039165000250042265000200044783000870046772223BD-RjUL20211209082228.0170515t19641958nyua b 001 0 eng d a(BD-RjUL)72439 aDLCcOKentUdOCoLCdDLCdBD-RjULbeng aeng 223a669.94bPEH 19641 aPearson, W. B.q(William Burton)12aA handbook of lattice spacings and structures of metals and alloys /cWilliam B. Pearson. aNew York :bPergamon Press,cc1958 [Reprinted 1964] aviii, 1044 p. :billus. ;c26 cm. aBibliographical footnotes. 0aPhysical metallurgy. 0aMetal crystals. aInternational series of monographs on metal physics and physical metallurgy,vv. 4